Word Ladder: Uplifting-ish Proverb Quiz Stats

 Plays Quiz Updated Jul 28, 2014

Support Sporcle.
Go Orange.
Score 0/35 Timer 04:00
0 Plays Today
Clue 4-Letter Word % Correct
Sleeping shelter when campingTENT
97.3%
Ulna, femur, e.g.BONE
95.6%
Opposite of thisTHAT
95.2%
Finished; overDONE
95.1%
Shut a door hardSLAM
94.1%
In the near future; shortlySOON
93.9%
Depression in a surface, especially after a fender benderDENT
93.8%
Rest against somethingLEAN
93.7%
Fireplace residueSOOT
93.6%
Mucus from the nose (slang)SNOT
93.4%
Animal milk glandTEAT
93.3%
Unhurried; lack of speedSLOW
92.6%
Part of the chair on which one sitsSEAT
92.4%
Place where fabric is joinedSEAM
91.9%
1966 movie: ''____Free''BORN
91.8%
Lima, navy, black, e.g.BEAN
91.6%
Make a hole by drillingBORE
90.8%
Capital of SwitzerlandBERN
90.6%
Clue 4-Letter Word % Correct
Coin of the United States worth 1/100th of a dollarCENT
89.8%
Transmitted a signal such as a faxSENT
89.3%
1990 movie: ''The ____ for Red October''HUNT
89.2%
Slender; slightSLIM
88.4%
Temporary use of somethingLOAN
87.9%
A kick in American footballPUNT
87.2%
★ [rung 1] you ____ [rung 20], [rung 31] [rung 35] you ★ ●DON'T●
87%
Large diving birdLOON
86.9%
A woman's undergarmentSLIP
83.9%
Spill or splashSLOP
81.8%
1952 movie: ''Hangman's ____''KNOT
79.3%
Gasp for airPANT
79.1%
2002 movie: ''____ Dogs''SNOW
78.2%
★ [rung 1] you [rung 6] [rung 20], ____ [rung 35] you ★ ●CAN'T●
77.2%
★ [rung 1] you [rung 6] ____, [rung 31] [rung 35] you ★ ●KNOW●
74.2%
★ ____ you [rung 6] [rung 20], [rung 31] [rung 35] you ★ ●WHAT●
70.7%
★ [rung 1] you [rung 6] [rung 20], [rung 31] ____ you ★ ●HURT●
66.8%

Today's Daily Dose

Word Ladder
GOT7 Songs

Quick Pick
Women Comedians

Get the Picture
Collectibles

From the Vault

The Musician's Life

by zalkon2004

Music 7m
It seems like there's a correlation between sex, drugs, rock & roll and a short life span. Weird...
Remove Ads.
Support Sporcle.
Get the best of Sporcle when you Go Orange. This ad-free experience offers more features, more stats, and more fun while also helping to support Sporcle. Thank you for becoming a member.

Show Comments

Extras

Top Quizzes Today


Score Distribution

Your Account Isn't Verified!

In order to create a playlist on Sporcle, you need to verify the email address you used during registration. Go to your Sporcle Settings to finish the process.

Report this User

Report this user for behavior that violates our Community Guidelines.

Details: